Criminal procedure and practice in Ghana. / (Record no. 9835)
[ view plain ]
| 000 -LEADER | |
|---|---|
| fixed length control field | 01357cam a2200289 i 4500 |
| 001 - CONTROL NUMBER | |
| control field | 20978980 |
| 003 - CONTROL NUMBER IDENTIFIER | |
| control field | OSt |
| 005 - DATE AND TIME OF LATEST TRANSACTION | |
| control field | 20230623155148.0 |
| 008 - FIXED-LENGTH DATA ELEMENTS--GENERAL INFORMATION | |
| fixed length control field | 190518s2018 gh b 001 0 eng |
| 010 ## - LIBRARY OF CONGRESS CONTROL NUMBER | |
| LC control number | 2018339996 |
| 020 ## - INTERNATIONAL STANDARD BOOK NUMBER | |
| International Standard Book Number | 9789988321017 |
| 040 ## - CATALOGING SOURCE | |
| Original cataloging agency | DLC |
| Language of cataloging | eng |
| Description conventions | rda |
| Transcribing agency | DLC |
| Modifying agency | DLC |
| 042 ## - AUTHENTICATION CODE | |
| Authentication code | lcode |
| -- | pcc |
| 043 ## - GEOGRAPHIC AREA CODE | |
| Geographic area code | f-gh--- |
| 050 00 - LIBRARY OF CONGRESS CALL NUMBER | |
| Classification number | KRX4610.A23 |
| 100 1# - MAIN ENTRY--PERSONAL NAME | |
| Personal name | Adjei, Dennis Dominic |
| 9 (RLIN) | 1864 |
| 245 10 - TITLE STATEMENT | |
| Title | Criminal procedure and practice in Ghana. / |
| Statement of responsibility, etc. | Dennis Dominic Adjei |
| 250 ## - EDITION STATEMENT | |
| Edition statement | 3rd ed. |
| 264 #1 - PRODUCTION, PUBLICATION, DISTRIBUTION, MANUFACTURE, AND COPYRIGHT NOTICE | |
| Place of production, publication, distribution, manufacture | Accra, Ghana : |
| Name of producer, publisher, distributor, manufacturer | Dennis Dominic Adjei, |
| Date of production, publication, distribution, manufacture, or copyright notice | 2021. |
| 300 ## - PHYSICAL DESCRIPTION | |
| Extent | xxxvii, 5484 p. ; |
| Dimensions | 25 cm |
| 336 ## - CONTENT TYPE | |
| Content type term | text |
| Content type code | txt |
| Source | rdacontent |
| 337 ## - MEDIA TYPE | |
| Media type term | unmediated |
| Media type code | n |
| Source | rdamedia |
| 338 ## - CARRIER TYPE | |
| Carrier type term | volume |
| Carrier type code | nc |
| Source | rdacarrier |
| 505 ## - FORMATTED CONTENTS NOTE | |
| Formatted contents note | Contents: Overview -- Preliminary matters in criminal proceedings -- Peace and order - Exemptions and venue -- Institution of criminal proceedings -- Warrant -- Bail and recognisances -- Evidence gathering in criminal trials -- Joinder of charges and accused and preparation of charge sheet -- Pre-trial proceedings and fair trial principles -- Defence and results -- Committal and anciliary proceedings -- Trial on indictment -- Sentencing -- Juvenile justice -- Corrective proceedings -- Practice directions on disclosures and case management -- |
| 650 #0 - SUBJECT ADDED ENTRY--TOPICAL TERM | |
| Topical term or geographic name entry element | Criminal procedure |
| Geographic subdivision | Ghana. |
| 9 (RLIN) | 1817 |
| 942 ## - ADDED ENTRY ELEMENTS (KOHA) | |
| Source of classification or shelving scheme | Library of Congress Classification |
| Koha item type | Books |
| Withdrawn status | Lost status | Source of classification or shelving scheme | Damaged status | Not for loan | Home library | Current library | Shelving location | Date acquired | Full call number | Barcode | Date last seen | Copy number | Price effective from | Koha item type | Total Checkouts |
|---|---|---|---|---|---|---|---|---|---|---|---|---|---|---|---|
| Library of Congress Classification | WISCONSIN INTERNATIONAL UNIVERSITY COLLEGE, GHANA - MAIN LIBRARY | WISCONSIN INTERNATIONAL UNIVERSITY COLLEGE, GHANA - MAIN LIBRARY | Law Library | 19/07/2023 | KRX4610.A35(3e) | 3032/200/23 | 19/07/2023 | 1 | 19/07/2023 | Books | |||||
| Library of Congress Classification | WISCONSIN INTERNATIONAL UNIVERSITY COLLEGE, GHANA - MAIN LIBRARY | WISCONSIN INTERNATIONAL UNIVERSITY COLLEGE, GHANA - MAIN LIBRARY | Law Library | 19/07/2023 | KRX4610.A351(3e) | 3033/201/23 | 19/07/2023 | 2 | 19/07/2023 | Books | |||||
| Library of Congress Classification | WISCONSIN INTERNATIONAL UNIVERSITY COLLEGE, GHANA - MAIN LIBRARY | WISCONSIN INTERNATIONAL UNIVERSITY COLLEGE, GHANA - MAIN LIBRARY | Law Library | 19/07/2023 | KRX4610.A352(3e) | 3034/202/23 | 19/07/2023 | 3 | 19/07/2023 | Books | |||||
| Library of Congress Classification | WISCONSIN INTERNATIONAL UNIVERSITY COLLEGE, GHANA KUMASI LIBRARY | WISCONSIN INTERNATIONAL UNIVERSITY COLLEGE, GHANA KUMASI LIBRARY | Law Library | 01/06/2023 | KRX4610.A35(3e) | KSL/1763/026/23 | 23/06/2023 | 1 | 23/06/2023 | Books | |||||
| Library of Congress Classification | WISCONSIN INTERNATIONAL UNIVERSITY COLLEGE, GHANA KUMASI LIBRARY | WISCONSIN INTERNATIONAL UNIVERSITY COLLEGE, GHANA KUMASI LIBRARY | Law Library | 01/06/2023 | KRX4610.A351(3e) | KSL/2012/275/23 | 23/06/2023 | 2 | 23/06/2023 | Books | |||||
| Library of Congress Classification | WISCONSIN INTERNATIONAL UNIVERSITY COLLEGE, GHANA KUMASI LIBRARY | WISCONSIN INTERNATIONAL UNIVERSITY COLLEGE, GHANA KUMASI LIBRARY | Law Library | 01/06/2023 | KRX4610.A352(3e) | KSL/2013/276/23 | 23/06/2023 | 3 | 23/06/2023 | Books | |||||
| Library of Congress Classification | WISCONSIN INTERNATIONAL UNIVERSITY COLLEGE, GHANA KUMASI LIBRARY | WISCONSIN INTERNATIONAL UNIVERSITY COLLEGE, GHANA KUMASI LIBRARY | Law Library | 01/06/2023 | KRX4610.A353(3e) | KSL/2014/277/23 | 23/06/2023 | 4 | 23/06/2023 | Books |
